| 000 | 01511nam0a2200361 4500 | ||
|---|---|---|---|
| 001 | RU\NLR\bibl\817612 | ||
| 005 | 20250614134724.0 | ||
| 010 |
_a5-7905-3265-9 _97000 |
||
| 021 |
_aRU _b2005-14479 _9738 |
||
| 035 | _aRSL-KNO-002581714 | ||
| 035 | _a(NLR Aleph) 000806540 | ||
| 090 |
_a1214360 _c1214360 |
||
| 100 | _a20050315d2005 |||y0rusy50 ca | ||
| 101 | 0 | _arus | |
| 102 | _aRU | ||
| 105 | _ay ||||||||| | ||
| 106 | _ar | ||
| 200 | 1 |
_aДигитал _e[роман] _fОлег Маркеев |
|
| 210 |
_aМ. _cРИПОЛ классик _d2005 |
||
| 215 |
_a318,[1] с. _d21 |
||
| 225 | 1 | _aРусская фантастика | |
| 610 | 0 | _aФилологические науки. Художественная литература -- Российская Федерация -- Русская литература -- с сер. 50-х гг. 20 в. -- Произведения художественной литературы -- Художественная проза -- Романы. Повести. Рассказы -- Приключенческие и детективные романы, повести, рассказы | |
| 686 |
_aШ5(2=Р)75-644.6 _2rubbk |
||
| 686 | _aШ6(2=Р)75-445 | ||
| 700 | 1 |
_aМаркеев _bО. Г. _gОлег Георгиевич _4070 |
|
| 801 | 0 |
_aRU _bRuMoRKP _c20050315 _grcr |
|
| 801 | 1 |
_aRU _bRuMoRGB _c20050315 |
|
| 801 | 2 |
_aRU _bNLR _c20050708 _gPSBO |
|
| 830 | _aАвт. по кн. | ||
| 942 | _cBOOK | ||
| 980 | _aNB | ||